000 nam a22 7a 4500
999 _c7238
_d7238
008 170731b xxu||||| |||| 00| 0 eng d
100 _93804
_aParsons
245 _aIllustrated Family Encyclopedia
260 _aLondon
_bPenguin
_c2007